| 000 | 00323nam a2200109Ia 4500 | ||
|---|---|---|---|
| 008 | 230907s9999||||xx |||||||||||||| ||und|| | ||
| 082 |
_a620.1920423 _bNAN |
||
| 245 | 0 | _aNano- and micro-mechanics of polymer blends and composites / | |
| 260 |
_aHanser, _bMunich ; | Cincinnati : _c2009 |
||
| 300 | _axx, 604 p. : | ||
| 942 | _cBK | ||
| 999 |
_c598491 _d598491 |
||